[Event "Regular Quad, S40379"]
[Site "CCLA"]
[Date "2014.11.10"]
[Round "?"]
[White "Rasmussen, Bruce A."]
[Black "Acosta, Errol"]
[Result "1/2-1/2"]
[WhiteElo "1539"]
[BlackElo "1365"]

1. d4 d5 2. Nf3 c6 3. e3 Nf6 4. Bd3 g6 5. Ne5 Bg7 6. O-O O-O 7. f4 Nbd7 8.
 Rf3 e6 9. Rh3 Nxe5 10. fxe5 Ne4 11. Qg4 f5 12. Qh4 Ng5 13. Nd2 Nxh3+ 14. 
Qxh3 c5 15. b3 cxd4 16. exd4 a5 17. Nf3 Qb6 18. c3 Bd7 19. Bh6 Rf7 20. Ng5
Bxe5 21. Nxf7 Bxd4+ 22. Kh1 Bxc3 23. Rc1 Kxf7 24. Rxc3 d4 25. Rc4 Rc8 26. 
Bg5 Rh8 27. Qh6 e5 28. Rc2 Be6 29. Rf2 Qd6 30. g4 Qf8 31. Qh4 Qg7 32. gxf5
Bd5+ 33. Be4 Bxe4+ 34. Qxe4 Rf8 35. fxg6+ Kg8 36. Qd5+ Kh8 37. Rxf8+ Qxf8 
38. Qxe5+ Kg8 39. Qd5+ Kg7 40. h4 Qf1+ 41. Kh2 Qe2+ 42. Kg3 Qe1+ 43. Kf4 
Qe3+ 44. Kg4 Qe2+ 45. Kf4 Qe3+ 46. Kg4 Qe2+ 1/2-1/2

[Event "Herbert W Gustafson Memorial, S47129"]
[Site "CCLA"]
[Date "2014.10.27"]
[Round "?"]
[White "Shaffer, Aaron"]
[Black "Miner, David"]
[Result "0-1"]
[WhiteElo "1383"]
[BlackElo "1619"]

1. d4 Nf6 2. Nf3 d5 3. e3 c5 4. Nc3 Nc6 5. Bb5 e6 6. O-O Bd7 7. Re1 Be7 8.
 Ne5 O-O 9. Bxc6 Bxc6 10. Nxc6 bxc6 11. b3 Qa5 12. Bd2 Qc7 13. Ne2 Rac8 
14. c4 Rfd8 15. Rc1 Bd6 16. Ng3 Bxg3 17. fxg3 Ne4 18. cxd5 Rxd5 19. Re2 
cxd4 20. exd4 Rxd4 21. Rc2 Qd6 22. Kf1 Rd8 23. Ke1 Qd5 24. a4 Rd3 25. g4 
Qd4 26. Re3 Rxe3+ 27. Bxe3 Qxd1# 0-1

[Event "Premier Quad, S40289"]
[Site "CCLA"]
[Date "2014.09.15"]
[Round "?"]
[White "Smail, John"]
[Black "Sereni, Vincent T."]
[Result "0-1"]
[WhiteElo "1836"]
[BlackElo "2118"]

1. d4 d5 2. Nf3 Nf6 3. e3 c5 4. b3 cxd4 5. exd4 Nc6 6. Bd3 Bg4 7. Bb2 Qa5+
8. Bc3 Qc7 9. O-O e6 10. h3 Bh5 11. a3 Bd6 12. Nbd2 O-O 13. Bb2 Bf4 14. 
Qe1 Rfe8 15. g3 e5 16. gxf4 e4 17. Ne5 exd3 18. cxd3 Nd7 19. Qc1 f6 20. 
Nef3 Qxf4 0-1

[Event "Regular Quad, S40429"]
[Site "CCLA"]
[Date "2014.12.12"]
[Round "?"]
[White "Williams, Rufus H."]
[Black "Stevenson, Wayne"]
[Result "0-1"]
[WhiteElo "1222"]
[BlackElo "1540"]

1. d4 e6 2. e3 d5 3. Nf3 Nf6 4. Nc3 c5 5. dxc5 Bxc5 6. Bb5+ Bd7 7. Bxd7+ 
Nbxd7 8. O-O O-O 9. Re1 h6 10. b3 Bb4 11. Bb2 Rc8 12. a3 Bxc3 13. Bxc3 
Rxc3 14. b4 Ne4 15. Re2 Qc7 16. a4 Ndf6 17. h3 Rc8 18. Nd4 a6 19. a5 Qd7 
20. Ra2 e5 21. Nf3 R3c4 22. Nxe5 Qe7 23. Nxc4 Nc3 24. Qd3 Rxc4 25. Rb2 
Nxe2+ 26. Qxe2 Ne4 27. Qe1 Qf6 28. b5 Qxb2 29. bxa6 bxa6 30. Qd1 Rxc2 31. 
Qxd5 Qb1+ 32. Kh2 Rxf2 33. Qd8+ Kh7 34. Qh4 Rf1 0-1

[Event "Premier Quad, S40439"]
[Site "CCLA"]
[Date "2014.12.19"]
[Round "?"]
[White "Ragan, Anthony"]
[Black "Vecchio, Ralph"]
[Result "0-1"]
[WhiteElo "1900"]
[BlackElo "1815"]

1. d4 Nf6 2. Nf3 d5 3. e3 e6 4. Bd3 Be7 5. O-O O-O 6. Nbd2 b6 7. e4 Bb7 8.
 e5 Nfd7 9. c3 c5 10. b3 Nc6 11. Bb2 cxd4 12. cxd4 h6 13. a3 Qc7 14. Rc1 
a6 15. Qe2 b5 16. h4 Rac8 17. h5 Qd8 18. Rfe1 b4 19. a4 Ra8 20. Nf1 Re8 
21. Ne3 Na5 22. Ng4 Nxb3 23. Bh7+ Kxh7 24. Qd3+ Kg8 25. Qxb3 a5 26. Rc2 
Nb6 27. Nd2 Qd7 28. Rec1 Rec8 29. Rxc8+ Rxc8 30. Ra1 Bc6 31. Rc1 Bxa4 32. 
Qf3 Rxc1+ 33. Bxc1 Qc6 0-1

[Event "Premier Quad, S40439"]
[Site "CCLA"]
[Date "2014.12.19"]
[Round "?"]
[White "Disque, Philip"]
[Black "Fausey, Verna M."]
[Result "1/2-1/2"]
[WhiteElo "1669"]
[BlackElo "1747"]

1. Nf3 d5 2. d4 Nf6 3. e3 e6 4. Bd3 c5 5. b3 Nc6 6. Bb2 Bd6 7. Nbd2 O-O 8.
 Ne5 Nb4 9. Be2 cxd4 10. exd4 Qc7 11. O-O Qxc2 12. Qxc2 Nxc2 13. Rac1 Nb4 
14. a3 Na6 15. Bxa6 bxa6 16. Rc6 Rd8 17. f3 Bb7 18. Rc2 Rac8 19. Rfc1 Rxc2
20. Rxc2 Nd7 21. b4 f6 22. Nxd7 Rxd7 23. Nb3 Rc7 24. Rxc7 Bxc7 25. Nc5 Bc8
26. Kf2 Kf7 27. g3 e5 28. Ke3 g5 29. Bc3 Bd6 30. Nd3 Ke6 31. Nc5+ Kf5 32. 
g4+ Kg6 33. h3 Kf7 34. Nd3 Ke6 35. Nc5+ Bxc5 36. bxc5 Bb7 37. Be1 Bc6 38. 
Bg3 Ba4 39. h4 1/2-1/2

[Event "Premier Quad, S40339"]
[Site "CCLA"]
[Date "2014.10.13"]
[Round "?"]
[White "Smail, John"]
[Black "Vecchio, Ralph"]
[Result "0-1"]
[WhiteElo "1836"]
[BlackElo "1815"]

1. Nf3 d5 2. d4 Nf6 3. e3 e6 4. Bd3 c5 5. b3 Nc6 6. O-O Be7 7. Bb2 O-O 8. 
Nbd2 b6 9. Ne5 Bb7 10. f4 cxd4 11. exd4 Nb4 12. Be2 Rc8 13. c3 Nc6 14. Bd3
Ne4 15. Qe2 f5 16. Rac1 Nxe5 17. fxe5 Bg5 18. Rc2 Nxd2 19. Rxd2 Bxd2 20. 
Qxd2 Rf7 21. Rf3 a5 22. Ba3 Qc7 23. Bc2 Ba6 24. Bd6 Qc6 25. Qg5 a4 26. Rh3
axb3 27. axb3 Qb5 28. Bd3 Qa5 29. Bxa6 Qxa6 30. Qc1 Qa2 31. b4 Ra7 0-1

[Event "NA Class B Server Championship, S40119"]
[Site "CCLA"]
[Date "2014.04.30"]
[Round "?"]
[White "Catania, Duane"]
[Black "Laaman, Thomas"]
[Result "1/2-1/2"]
[WhiteElo "1774"]
[BlackElo "1588"]

1. d4 d5 2. Nf3 e6 3. e3 c5 4. c3 Nc6 5. Bd3 Nf6 6. O-O Be7 7. Nbd2 O-O 8.
 Re1 Re8 9. e4 dxe4 10. Nxe4 cxd4 11. Nxf6+ Bxf6 12. cxd4 Nxd4 13. Nxd4 
Qxd4 14. Re3 Rd8 15. Qc2 h6 16. Be2 Bd7 17. Rd3 Qb4 18. Bd2 Qxb2 19. Qxb2 
Bxb2 20. Rb1 Bf6 21. Rxb7 Bc6 22. Rc7 Rxd3 23. Bxd3 Rd8 24. Rxc6 Rxd3 25. 
Rc8+ Kh7 26. Be1 Ra3 27. Rc2 a5 28. g3 Kg6 29. Bd2 Be7 30. Kg2 Bb4 31. h3 
Kf5 32. Be3 Rc3 33. Re2 a4 34. Bd4 Rd3 35. Bxg7 Rd2 36. Rxd2 Bxd2 37. Kf3 
h5 38. Bf8 Ke5 39. Ke2 Ba5 40. Bh6 f5 41. Bg7+ Ke4 42. f3+ Kd5 1/2-1/2

[Event "Regular Quad, S40419"]
[Site "CCLA"]
[Date "2014.12.01"]
[Round "?"]
[White "Strelecky, Rich"]
[Black "Stevenson, Wayne"]
[Result "0-1"]
[WhiteElo "1584"]
[BlackElo "1540"]

1. e3 e6 2. Nf3 d5 3. d4 Nf6 4. Bd3 c5 5. c3 Bd6 6. Nbd2 Nc6 7. O-O Nd7 8.
 e4 b6 9. e5 Be7 10. Bb5 Na5 11. dxc5 bxc5 12. Re1 Rb8 13. Nb3 Rxb5 14. 
Nbd2 Rb8 15. b3 O-O 16. Qc2 Qc7 17. Nf1 c4 18. b4 Nc6 19. Bf4 a5 20. bxa5 
Qxa5 21. Ng3 Nc5 22. Reb1 Bd7 23. Rxb8 Rxb8 24. Ne1 Na4 25. Rb1 Rxb1 26. 
Qxb1 Nxc3 27. Qb7 Be8 28. Qb2 Nxa2 29. Nf3 Qa4 30. Bd2 d4 31. Nxd4 Bb4 32.
 Nxc6 Bxc6 33. Qd4 c3 34. Qd8+ Bf8 35. Be3 c2 36. Ne2 Qe4 37. Qg5 Be7 38. 
Qg3 c1=Q+ 39. Nxc1 Nxc1 0-1

[Event "Premier Quad, S40289"]
[Site "CCLA"]
[Date "2014.09.15"]
[Round "?"]
[White "Holmer, Arthur E."]
[Black "Sereni, Vincent T."]
[Result "0-1"]
[WhiteElo "1860"]
[BlackElo "2118"]

1. d4 d5 2. Nf3 Nf6 3. e3 e6 4. Bd3 c5 5. c3 Bd6 6. Nbd2 Nc6 7. O-O O-O 8.
 dxc5 Bxc5 9. e4 Qc7 10. exd5 exd5 11. Nb3 Bb6 12. Nbd4 Bg4 13. Be3 Ne5 
14. Be2 Nc4 15. Bxc4 dxc4 16. h3 Bd7 17. Nc2 Bf5 18. Bd4 Rad8 19. Re1 Be4 
20. Ng5 Bxd4 21. Nxd4 Bd3 22. Ngf3 Rfe8 23. Qa4 a6 24. Rxe8+ Rxe8 25. Re1 
Rxe1+ 26. Nxe1 h6 27. Qd1 Be4 28. Nef3 Qb6 29. Qc1 Qa5 30. a3 Qc5 31. Qd2 
Qd6 32. Qe3 Qb6 33. Qd2 Qd6 34. Qe3 Qd5 35. Qf4 Nd7 36. Qg3 Bxf3 37. Nxf3 
Nc5 0-1

[Event "Herbert W. Gustafson Memorial Open, S47089"]
[Site "CCLA"]
[Date "2014.10.27"]
[Round "?"]
[White "Gerber, David F."]
[Black "Capuzzi, Gabriele"]
[Result "0-1"]
[WhiteElo "1731"]
[BlackElo "1775"]

1. d4 d5 2. Nf3 c5 3. c4 Nf6 4. cxd5 cxd4 5. Nxd4 Nxd5 6. e4 Nf6 7. Nc3 a6
8. Bf4 Qa5 9. f3 e5 10. Nb3 Qc7 11. Be3 Bb4 12. Rc1 O-O 13. Be2 Nc6 14. 
O-O Bxc3 15. Rxc3 b6 16. Qc2 Bb7 17. Rc1 Rfc8 18. Nd2 Nd7 19. a4 Qd8 20. 
Qd3 Na5 21. b4 Nc6 22. Nc4 Nxb4 23. Qd6 Na2 0-1

[Event "Regular Quad, S40429"]
[Site "CCLA"]
[Date "2014.12.12"]
[Round "?"]
[White "Stevenson, Wayne"]
[Black "Williams, Rufus H."]
[Result "1-0"]
[WhiteElo "1540"]
[BlackElo "1222"]

1. d4 d5 2. c4 Nf6 3. Nc3 Bf5 4. Qb3 b6 5. cxd5 e6 6. Bg5 Be7 7. Bxf6 Bxf6
8. e4 Bxd4 9. Qa4+ Nd7 10. Qxd4 e5 11. Qa4 Bg6 12. Nf3 O-O 13. Bd3 Nf6 14.
 Nxe5 a6 15. Nc6 Qd7 16. O-O Rfe8 17. f3 Nh5 18. Bxa6 Nf4 19. Qc4 Nxg2 20.
 Kxg2 Qd6 21. Nb5 Qf6 22. Nxc7 Qg5+ 23. Kh1 Rf8 24. Nxa8 Rxa8 25. d6 h6 
26. d7 Qd2 27. Ne7+ Kh7 28. Bc8 Qd6 29. Nxg6 Kxg6 30. Rg1+ Kf6 31. e5+ 
Kxe5 32. Rae1+ Kf6 33. Re8 Qxd7 34. Qc3+ 1-0

[Event "NA Master/Expert Server Championship, S40099"]
[Site "CCLA"]
[Date "2014.04.30"]
[Round "?"]
[White "Reinhart, Kenneth M."]
[Black "Young III, William C."]
[Result "1-0"]
[WhiteElo "2399"]
[BlackElo "2104"]

1. d4 Nf6 2. c4 d5 3. cxd5 g6 4. Qa4+ Nbd7 5. Nc3 Bg7 6. e4 O-O 7. Nf3 Nb6
8. Qc2 Nh5 9. Be2 c6 10. dxc6 bxc6 11. O-O Qc7 12. e5 Bf5 13. Bd3 Bxd3 14.
 Qxd3 Qd7 15. h3 f5 16. b4 Rfb8 17. Bd2 a5 18. bxa5 Rxa5 19. Rfb1 Bf8 20. 
Rb2 Ra7 21. Rab1 Rab7 22. a4 e6 23. a5 Nd5 24. Rxb7 Rxb7 25. Nxd5 Rxb1+ 
26. Qxb1 cxd5 27. Qb6 1-0

[Event "3rd TCCL Friendly Server Tournament, 3rdTCCL"]
[Site "CCLA"]
[Date "2014.07.10"]
[Round "?"]
[White "Lyons, Anthony W."]
[Black "Lyons, Gage W."]
[Result "1/2-1/2"]
[WhiteElo "1287"]
[BlackElo "1252"]

1. d4 Nf6 2. c4 d5 3. cxd5 Nxd5 4. e4 Nf6 5. Nc3 Bg4 6. Be2 Bxe2 7. Qxe2 
Qxd4 8. Nf3 e6 9. Qd2 Qxd2+ 10. Bxd2 Nc6 11. a3 O-O-O 12. Bg5 Be7 13. e5 
Nd4 14. Nxd4 Rxd4 15. exf6 gxf6 16. Be3 Rd7 17. Rd1 Rxd1+ 18. Nxd1 b6 19. 
O-O f5 20. Nc3 c6 21. Rd1 Rd8 22. b4 Rxd1+ 23. Nxd1 c5 24. Nc3 Bf6 25. Nb1
Bb2 26. bxc5 Kb7 27. cxb6 axb6 28. Bd2 h5 29. Bc3 Bxc3 30. Nxc3 Kc6 31. 
Kf1 Kc5 32. Ke2 Kc4 33. Nb1 Kb3 34. Ke3 e5 35. f4 Kb2 36. Nd2 Kxa3 37. 
Nc4+ Kb4 38. Nd6 exf4+ 39. Kxf4 b5 40. Nxb5 Kxb5 41. Kxf5 Kc4 42. Kf6 Kd3 
43. Kxf7 Ke3 44. Kg6 Kf2 45. Kxh5 Kxg2 46. Kh4 Kxh2 47. Kg4 1/2-1/2

[Event "3rd TCCL Friendly Server Tournament, 3rdTCCL"]
[Site "CCLA"]
[Date "2014.07.10"]
[Round "?"]
[White "Lyons, Gage W."]
[Black "Shaffer, Aaron"]
[Result "0-1"]
[WhiteElo "1252"]
[BlackElo "1383"]

1. d4 Nf6 2. c4 d5 3. cxd5 Nxd5 4. e4 Nf6 5. e5 Nd5 6. Bc4 Be6 7. Nf3 Nc6 
8. Bxd5 Bxd5 9. Nbd2 e6 10. O-O Bb4 11. a3 Bxd2 12. Qxd2 Bxf3 13. gxf3 
Qxd4 14. Qxd4 Nxd4 15. Kg2 O-O-O 16. Rd1 Ne2 17. Rxd8+ Rxd8 18. Be3 f6 19.
 Kf1 Nc3 20. f4 Nd5 21. Rd1 Nxe3+ 22. Ke2 Rxd1 0-1

[Event "3rd TCCL Friendly Server Tournament, 3rdTCCL"]
[Site "CCLA"]
[Date "2014.07.10"]
[Round "?"]
[White "Shaffer, Aaron"]
[Black "Latta, Richard W."]
[Result "0-1"]
[WhiteElo "1383"]
[BlackElo "1396"]

1. d4 Nf6 2. c4 d5 3. cxd5 Nxd5 4. e4 Nf6 5. Nc3 Ng4 6. Be2 Nxf2 7. Qd2 
Nxh1 8. Bf3 e6 9. g3 Nxg3 10. hxg3 Nc6 11. Qg5 Nxd4 0-1

[Event "3rd TCCL Friendly Server Tournament, 3rdTCCL"]
[Site "CCLA"]
[Date "2014.07.10"]
[Round "?"]
[White "Shaffer, Aaron"]
[Black "Lyons, Anthony W."]
[Result "1-0"]
[WhiteElo "1383"]
[BlackElo "1287"]

1. d4 Nf6 2. c4 d5 3. cxd5 Nxd5 4. e4 Nf6 5. Nc3 e6 6. Bg5 Nbd7 7. Bxf6 
Be7 8. Bxe7 Qxe7 9. Bc4 O-O 10. Nf3 e5 11. dxe5 Nc5 12. O-O Bg4 13. h3 
Bxf3 14. Qxf3 Qxe5 15. Qg3 Qxg3 16. fxg3 Rfe8 17. Rfe1 Kf8 18. Bd5 c6 19. 
Bc4 f5 20. exf5 Rxe1+ 21. Rxe1 Re8 22. Rxe8+ Kxe8 23. Be6 Nxe6 24. fxe6 
Ke7 25. Ne4 b6 26. Ng5 h6 27. Ne4 Kxe6 28. Kf2 Ke5 29. Ke3 g5 30. b4 Kd5 
31. g4 c5 32. bxc5 bxc5 33. Nc3+ Kc4 34. Kd2 a6 35. Kc2 Kb4 36. Kb2 a5 37.
 a3+ Kc4 38. Kc2 Kd4 39. Kb3 Ke3 40. Ka4 Kf2 41. Kxa5 Kxg2 42. Kb5 Kxh3 
43. a4 Kxg4 44. Ne4 Kf4 45. Nf6 Kf5 46. Nh5 Kg4 47. Ng7 Kf4 48. a5 g4 49. 
Nh5+ Kg5 50. Ng3 Kf4 51. Nh1 Kf3 52. a6 Kg2 53. a7 Kxh1 54. a8=Q+ Kh2 55. 
Qa2+ Kg3 56. Qb3+ Kh4 57. Qd5 Kh3 58. Qh5+ Kg3 59. Qxh6 1-0

[Event "3rd TCCL Friendly Server Tournament, 3rdTCCL"]
[Site "CCLA"]
[Date "2014.07.10"]
[Round "?"]
[White "Benson, Katie J."]
[Black "Lyons, Gage W."]
[Result "0-1"]
[WhiteElo "1194"]
[BlackElo "1252"]

1. d4 Nf6 2. c4 d5 3. cxd5 Nxd5 4. e4 Nf6 5. Nc3 e6 6. Bg5 Be7 7. Bxf6 
Bxf6 8. e5 Bg5 9. Nf3 Bh6 10. Bb5+ Bd7 11. Bxd7+ Qxd7 12. O-O O-O 13. a4 
c5 14. dxc5 Qxd1 15. Raxd1 Na6 16. Nd4 Nxc5 17. b4 Na6 18. b5 Nc7 19. a5 
Rad8 20. b6 axb6 21. axb6 Nd5 22. Nxd5 Rxd5 23. Nf3 Rfd8 24. Rxd5 Rxd5 25.
 Rb1 Bf4 26. g3 Bxe5 27. Nxe5 Rxe5 28. Kf1 Kf8 29. Re1 Rxe1+ 30. Kxe1 Ke7 
31. Ke2 Kd6 32. Ke3 Kc6 33. Kd4 Kxb6 34. Ke5 Kc5 35. f4 b5 36. Ke4 f5+ 37.
 Kd3 Kd5 38. h3 e5 39. fxe5 Kxe5 40. Ke3 b4 41. Kd3 f4 42. gxf4+ Kxf4 43. 
Kc4 Kg3 44. Kxb4 Kxh3 45. Kc4 Kg4 46. Kd5 Kf5 47. Kd4 h5 48. Ke3 g5 49. 
Kf3 h4 50. Kg2 g4 51. Kh2 Kf4 52. Kg2 h3+ 53. Kh2 Kf3 54. Kh1 g3 55. Kg1 
h2+ 56. Kh1 g2+ 57. Kxh2 Kf2 58. Kh3 g1=Q 0-1

[Event "3rd TCCL Friendly Server Tournament, 3rdTCCL"]
[Site "CCLA"]
[Date "2014.07.10"]
[Round "?"]
[White "Lyons, Anthony W."]
[Black "Benson, Katie J."]
[Result "1/2-1/2"]
[WhiteElo "1287"]
[BlackElo "1194"]

1. d4 Nf6 2. c4 d5 3. cxd5 Nxd5 4. e4 Nf6 5. Bg5 Nbd7 6. Bxf6 Nxf6 7. Nc3 
b6 8. Bb5+ Bd7 9. Bxd7+ Qxd7 10. h3 e6 11. e5 Nd5 12. Nxd5 Qxd5 13. Nf3 
Bb4+ 14. Nd2 Bxd2+ 15. Qxd2 Rd8 16. O-O Qxd4 17. Qxd4 Rxd4 18. Rad1 Rxd1 
19. Rxd1 O-O 20. Rd7 Rc8 21. f4 Kf8 22. Kf2 Ke8 23. Rd3 Rd8 24. Rxd8+ Kxd8
25. Ke3 Kd7 26. Kd4 f6 27. b4 g5 28. g3 fxe5+ 29. fxe5 h5 30. Kc4 Kc6 31. 
a4 a6 32. a5 bxa5 33. bxa5 Kb7 34. Kc5 Kc8 35. Kc6 Kb8 36. Kd7 Kb7 37. 
Kxe6 Kc8 38. Kd5 Kd7 39. e6+ Ke7 40. Kc6 Kxe6 41. Kxc7 Ke7 42. Kb7 Kd7 43.
 Kxa6 Kc7 44. Ka7 Kc8 45. a6 Kc7 46. Ka8 Kb6 47. a7 Kc7 48. h4 1/2-1/2

[Event "3rd TCCL Friendly Server Tournament, 3rdTCCL"]
[Site "CCLA"]
[Date "2014.07.10"]
[Round "?"]
[White "Benson, Katie J."]
[Black "Shaffer, Aaron"]
[Result "0-1"]
[WhiteElo "1194"]
[BlackElo "1383"]

1. d4 Nf6 2. c4 d5 3. cxd5 Nxd5 4. e4 Nf6 5. Nc3 e6 6. Bg5 Nbd7 7. Bxf6 
Be7 8. Bb5 Bxf6 9. Bxd7+ Qxd7 10. d5 exd5 11. Qxd5 Qxd5 12. Nxd5 Be5 13. 
Nf3 c6 14. Nxe5 cxd5 15. exd5 O-O 16. O-O Bf5 17. Rfd1 Rfd8 18. d6 f6 19. 
Rd2 fxe5 20. Re1 e4 21. Rc1 Rd7 22. Rcd1 Bg4 23. Re1 Rad8 24. f3 exf3 25. 
gxf3 Bxf3 26. Re3 Bc6 27. Red3 Be4 28. Rd4 Bf5 29. a4 a5 30. b4 axb4 31. 
Rxb4 Rxd6 32. Rxd6 Rxd6 33. Rxb7 Rd4 34. Ra7 Bc2 35. a5 Rd6 36. Ra8+ Kf7 
37. Ra7+ Kf6 38. Ra8 Bd3 39. Kg2 Ra6 40. Rxa6+ Bxa6 41. Kg3 g5 42. Kg4 Kg6
43. h4 gxh4 44. Kxh4 h5 45. Kh3 Kg5 46. Kg3 h4+ 47. Kh3 Bb7 48. Kh2 Kg4 
49. Kg1 Kg3 50. Kf1 h3 51. Kg1 h2+ 52. Kf1 h1=Q+ 0-1

[Event "3rd TCCL Friendly Server Tournament, 3rdTCCL"]
[Site "CCLA"]
[Date "2014.07.10"]
[Round "?"]
[White "Caliguire, John J."]
[Black "Benson, Katie J."]
[Result "1-0"]
[WhiteElo "2233"]
[BlackElo "1194"]

1. d4 Nf6 2. c4 d5 3. cxd5 Nxd5 4. e4 Nf6 5. Nc3 e6 6. Nf3 Bb4 7. Bd3 Be7 
8. Be3 Bb4 9. O-O Bxc3 10. bxc3 Nc6 11. Rb1 b6 12. Qc2 O-O 13. e5 Ng4 14. 
Bxh7+ Kh8 15. Bd2 g6 16. Bxg6 Ne7 17. Bh5 Ng6 18. Bg5 Nxh2 19. Bxd8 Nxf1 
20. Bf6+ Kh7 21. Ng5+ Kh6 22. Nxf7+ 1-0

[Event "NA Class D Server Championship, S40139"]
[Site "CCLA"]
[Date "2014.04.30"]
[Round "?"]
[White "Simonson, Jay"]
[Black "Selby, Robin"]
[Result "1-0"]
[WhiteElo "1364"]
[BlackElo "1230"]

1. d4 d5 2. Nf3 Nc6 3. c4 b6 4. Bf4 Nf6 5. e3 e6 6. Nc3 Bb4 7. Qb3 O-O 8. 
Bd3 Bxc3+ 9. Qxc3 h6 10. O-O Re8 11. cxd5 Ne7 12. Bxc7 Qxd5 13. Ne5 Nh7 
14. Bc2 Bb7 15. f3 Rac8 16. e4 Qb5 17. Bd3 Qa5 18. Qxa5 bxa5 19. Bxa5 Nf6 
20. Bb5 Red8 21. Bxd8 Rxd8 22. Rfd1 Nh7 23. Rac1 f5 24. Rc7 fxe4 25. Rxb7 
Nf5 26. Bc4 Re8 27. d5 exd5 28. Bxd5+ Kf8 29. Ng6# 1-0

[Event "Summer Server Series, S40091"]
[Site "CCLA"]
[Date "2014.07.28"]
[Round "?"]
[White "Ritzmann, Andrew M."]
[Black "Gunning, Edward E."]
[Result "0-1"]
[WhiteElo "1381"]
[BlackElo "1350"]

1. d4 d5 2. Nf3 Nc6 3. c4 e6 4. Nc3 Nge7 5. Bf4 Ng6 6. Bg3 Bb4 7. e3 O-O 
8. Qc2 f5 9. a3 Ba5 10. Ne5 Ngxe5 11. dxe5 b6 12. cxd5 exd5 13. Qb3 Be6 
14. Bb5 Ne7 15. O-O Ng6 16. Rad1 Ne7 17. Bh4 Bxc3 18. bxc3 Rf7 19. Bxe7 
Rxe7 20. f4 a6 21. Bd3 Qe8 22. g3 Kh8 23. a4 d4 24. Qc2 dxe3 25. Rfe1 Qh5 
26. Rxe3 g5 27. Rf1 Rf7 28. Qd1 Qh3 29. fxg5 Rg8 30. Bxa6 Rfg7 31. Bd3 
Rxg5 32. Ref3 Rxg3+ 33. Rxg3 Rxg3+ 34. Kf2 Qxh2+ 35. Ke1 Re3+ 36. Be2 Qg3+
37. Rf2 Kg7 38. Qd2 Kg6 39. Kf1 f4 40. Rg2 Bh3 41. Qc2+ Kg7 42. Qd1 Qxg2+ 
43. Ke1 Bg4 44. Kd2 Bxe2 0-1

[Event "Premier Quad, S40409"]
[Site "CCLA"]
[Date "2014.11.24"]
[Round "?"]
[White "Silverman, Robert"]
[Black "Smail, John"]
[Result "1-0"]
[WhiteElo "1871"]
[BlackElo "1836"]

1. d4 Nc6 2. Nf3 d5 3. c4 Bg4 4. Nc3 e5 5. cxd5 Bxf3 6. gxf3 Nxd4 7. e3 
Nf5 8. Bb5+ Ke7 9. f4 a6 10. Bd3 Qd7 11. fxe5 Nh4 12. f4 Qh3 13. Qb3 Rb8 
14. d6+ cxd6 15. Nd5+ Kd7 16. Qb6 Ke8 17. Nc7+ Kd7 18. Nxa6 bxa6 19. Qxb8 
Qf3 20. Rg1 Nh6 21. Bxa6 Be7 22. Bb5+ Ke6 23. Bc4+ Kd7 24. e6+ fxe6 25. 
Bb5+ 1-0

[Event "Herbert W. Gustafson Memorial Open, S47079"]
[Site "CCLA"]
[Date "2014.10.27"]
[Round "?"]
[White "Shannon, Paul D."]
[Black "Smail, John"]
[Result "1/2-1/2"]
[WhiteElo "1832"]
[BlackElo "1836"]

1. Nf3 Nc6 2. d4 d5 3. c4 Bg4 4. cxd5 Bxf3 5. dxc6 Bxc6 6. Nc3 e6 7. e4 
Bb4 8. f3 Qh4+ 9. g3 Qh5 10. Be3 O-O-O 11. Bg2 f5 12. O-O Nf6 13. exf5 
exf5 14. Qb3 Rhe8 15. Qxb4 Rxe3 16. Qc5 Kb8 17. Rac1 f4 18. g4 Qxc5 19. 
dxc5 Rdd3 20. Rcd1 Rxd1 21. Rxd1 Kc8 22. g5 Nd7 23. Nd5 Re5 24. Nxf4 Rxg5 
25. Ne6 Rg6 26. Nd4 Kd8 27. Nxc6+ bxc6 28. Kf2 Ke7 29. b4 Ne5 30. Rd4 Rh6 
31. h4 Ng6 32. Kg3 Rh5 33. Bh3 Rd5 34. Re4+ Re5 35. Rd4 Rd5 36. Re4+ Re5 
37. Rd4 1/2-1/2

[Event "Herbert W. Gustafson Memorial, S47149"]
[Site "CCLA"]
[Date "2014.10.27"]
[Round "?"]
[White "Perry, William E."]
[Black "Klapczynski, Lukasz"]
[Result "1-0"]
[WhiteElo "1440"]
[BlackElo "1363"]

1. d4 d5 2. c4 Nc6 3. Nc3 dxc4 4. d5 Nb4 5. Qa4+ Bd7 6. Qxb4 a5 7. Qxc4 b5
8. Nxb5 Rc8 9. Bf4 Nf6 10. Nxc7+ Rxc7 11. Bxc7 Qc8 12. Rc1 e6 13. d6 g6 
14. e3 Bh6 15. Qa6 Qxa6 16. Bxa6 O-O 17. Nf3 Ra8 18. Be2 a4 19. Ne5 a3 20.
 b3 Bc8 21. O-O Nd7 22. Nxd7 Bxd7 23. Rc5 Rc8 24. Bb5 Bxb5 25. Rxb5 Ra8 
26. Rb8+ Rxb8 27. Bxb8 Bg5 28. d7 f5 29. Rc1 Kf7 30. Rc8 e5 31. d8=Q Bxd8 
32. Rxd8 e4 33. b4 Ke7 34. Rd1 h5 35. b5 Kf6 36. b6 Kg5 37. Rd6 h4 38. b7 
Kg4 39. Rxg6+ Kh5 40. Rg8 h3 41. Ba7 f4 42. b8=Q fxe3 43. Qe5+ Kh4 44. 
Qh8# 1-0

[Event "NA Class D Server Championship, S40139"]
[Site "CCLA"]
[Date "2014.04.30"]
[Round "?"]
[White "Hodgkins, Neil C."]
[Black "Selby, Robin"]
[Result "1-0"]
[WhiteElo "1419"]
[BlackElo "1230"]

1. d4 d5 2. c4 dxc4 3. Nc3 Nc6 4. Nf3 e6 5. e4 Bb4 6. Bxc4 Nf6 7. O-O O-O 
8. Bg5 Rb8 9. a3 Bxc3 10. bxc3 b5 11. Bd3 a5 12. Re1 h6 13. Bh4 g5 14. Bg3
g4 15. Ne5 Nxe5 16. Bxe5 h5 17. g3 Kh7 18. Rb1 Nd7 19. Bf4 Qf6 20. e5+ Qf5
21. Bxf5+ exf5 22. Qd3 Kg6 23. e6 Nb6 24. e7 Re8 25. Rxb5 Bd7 26. Rxa5 Nc8
27. Bxc7 Rb7 28. Bd8 Nd6 29. Ra6 Kg7 30. Rxd6 Bb5 31. Qxf5 Bc4 32. Qg5+ 
Kh8 33. Rh6# 1-0

[Event "Regular Quad, S40419"]
[Site "CCLA"]
[Date "2014.12.01"]
[Round "?"]
[White "Stevenson, Wayne"]
[Black "Howard, James"]
[Result "1-0"]
[WhiteElo "1540"]
[BlackElo "1183"]

1. d4 d5 2. c4 e5 3. Nc3 exd4 4. Qxd4 Be7 5. Qxg7 Bf6 6. Qg3 Bg7 7. Qxg7 
Qf6 8. Qg3 Nc6 9. Nxd5 Qd4 10. Nxc7+ Kd8 11. Bg5+ Kd7 12. Nf3 Qxc4 13. 
Rd1+ Nd4 14. Rxd4+ Kc6 15. Qd6# 1-0

[Event "Regular Quad, S40239"]
[Site "CCLA"]
[Date "2014.07.28"]
[Round "?"]
[White "Miller, Allan A."]
[Black "Blankenship, Jerry T."]
[Result "0-1"]
[WhiteElo "1563"]
[BlackElo "1599"]

1. d4 d5 2. c4 c6 3. e4 dxe4 4. f3 e5 5. fxe4 Qh4+ 6. g3 Qxe4+ 7. Qe2 Qxh1
8. Nf3 Bg4 9. Nbd2 Nd7 10. dxe5 Bb4 11. Kf2 Nh6 12. b3 Bc5+ 13. Ke1 Bd4 
14. Rb1 Nxe5 15. h3 O-O-O 16. hxg4 Rhe8 17. Kd1 Nexg4 0-1

[Event "2nd TCCL Friendly Server Tournament, 2ndTCCL"]
[Site "CCLA"]
[Date "2014.06.15"]
[Round "?"]
[White "Buganza, Nathan J."]
[Black "Lyons, Anthony W."]
[Result "1-0"]
[WhiteElo "1427"]
[BlackElo "1287"]

1. d4 d5 2. Nf3 c5 3. c3 cxd4 4. cxd4 Bg4 5. h3 Bxf3 6. exf3 Nf6 7. Bf4 
Nc6 8. Be5 Nxe5 9. dxe5 Nh5 10. Bb5+ Qd7 11. Bxd7+ 1-0

[Event "Herbert W. Gustafson Memorial Open, S47059"]
[Site "CCLA"]
[Date "2014.10.27"]
[Round "?"]
[White "Carter, Maurice H."]
[Black "Gredescul, Andrea"]
[Result "1/2-1/2"]
[WhiteElo "2041"]
[BlackElo "2026"]

1. c4 c6 2. Nc3 d5 3. cxd5 cxd5 4. d4 e6 5. Bf4 Bd6 6. Bxd6 Qxd6 7. e3 Nf6
8. a3 O-O 9. Nf3 Bd7 10. Bd3 Bc6 11. O-O Nbd7 12. Qb3 Rfc8 13. Rfc1 Rc7 
14. Qb4 Ne8 1/2-1/2

[Event "Herbert W. Gustafson Memorial Open, S47089"]
[Site "CCLA"]
[Date "2014.10.27"]
[Round "?"]
[White "Richardson, Ryan M."]
[Black "Gerber, David F."]
[Result "0-1"]
[WhiteElo "1689"]
[BlackElo "1731"]

1. d4 d5 2. c4 c6 3. Nc3 Nf6 4. Qc2 e6 5. Bg5 dxc4 6. e3 b5 7. a4 a6 8. 
axb5 cxb5 9. Bxf6 gxf6 10. Nxb5 axb5 11. Rxa8 Bb4+ 12. Kd1 Bb7 13. Ra1 O-O
14. Ne2 Nc6 15. b3 e5 16. bxc4 exd4 17. Nf4 dxe3+ 18. Bd3 Qd4 0-1